| 000 | 00560nam a2200217 a 4500 | ||
|---|---|---|---|
| 999 |
_c4024 _d4024 |
||
| 001 | 4024 | ||
| 003 | BD-JhCC | ||
| 005 | 20171121165824.0 | ||
| 008 | 171121s1965 U ||||| |||| 00| 0 eng d | ||
| 035 | _a(BD-JhCC) | ||
| 040 |
_aBD-JhCC _dBD-JhCC |
||
| 041 | _aeng | ||
| 082 |
_a823.087208 _bWEA 1965 |
||
| 100 | _aWear, F. George | ||
| 245 |
_aTales of crime and detecttion / _c F. George Wear |
||
| 260 |
_aLondon : _bOxford University press, _c1965 |
||
| 300 |
_a91 p. : _c20cm. |
||
| 650 | _aShort stories, English | ||
| 942 |
_2ddc _cBK |
||